| 000 | 00781cam a2200229 4500 | ||
|---|---|---|---|
| 001 | WB3731-31 | ||
| 008 | 010816n2001 000 0 eng u | ||
| 035 | _a(Sirsi) u114174 | ||
| 245 | _aTenant feels the draft | ||
| 260 | _c2001 | ||
| 490 |
_aEstates Gazette _v(0132) 11 August 2001, 85(1) |
||
| 520 | _aExamines the case of "Homebase Ltd v Allied Dunbar Assurance plc", in which careful drafting techniques used in the landlord's provisos meant the landlords restrictions on subletting were upheld. | ||
| 590 | _aWB | ||
| 650 | _aHOMEBASE LTD AND ANOTHER V ALLIED DUNBAR ASSURANCE PLC | ||
| 650 | _aDRAFTING | ||
| 650 | _aSUBLEASES | ||
| 650 | _aPROVISOS | ||
| 650 | _aMARKET RENT | ||
| 650 | _aRENT REVIEW | ||
| 690 | _aPROPERTY-LANDLORD AND TENANT | ||
| 942 | _n0 | ||
| 999 |
_c68022 _d68022 |
||